No more guns! : (Record no. 9523)

MARC details
000 -LEADER
fixed length control field 00745nam a22002057a 4500
003 - CONTROL NUMBER IDENTIFIER
control field GBCCL
005 - DATE AND TIME OF LATEST TRANSACTION
control field 20241126110713.0
008 - FIXED-LENGTH DATA ELEMENTS--GENERAL INFORMATION
fixed length control field 230224b ||||| |||| 00| 0 eng d
040 ## - CATALOGING SOURCE
Transcribing agency gbc
082 ## - DEWEY DECIMAL CLASSIFICATION NUMBER
Classification number 261.8
Item number NOM
245 ## - TITLE STATEMENT
Title No more guns! :
Remainder of title people's struggle for justice : focus on North East India /
Statement of responsibility, etc. edited by A. Wati Longchar
250 ## - EDITION STATEMENT
Edition statement 2nd ed.
260 ## - PUBLICATION, DISTRIBUTION, ETC.
Place of publication, distribution, etc. Jorhat, Assam,
Name of publisher, distributor, etc. Eastern Theological College The Department of Tribal Studies,
Date of publication, distribution, etc. 2006
300 ## - PHYSICAL DESCRIPTION
Extent 178 p.
440 ## - SERIES STATEMENT/ADDED ENTRY--TITLE
Title Tribal study series
Number of part/section of a work 7
9 (RLIN) 16579
650 ## - SUBJECT ADDED ENTRY--TOPICAL TERM
Topical term or geographic name entry element India,
Geographic subdivision Northeastern Race relations
9 (RLIN) 16580
650 ## - SUBJECT ADDED ENTRY--TOPICAL TERM
Topical term or geographic name entry element Non violence
Form subdivision Religious aspects
General subdivision Christianity
9 (RLIN) 16581
650 ## - SUBJECT ADDED ENTRY--TOPICAL TERM
Topical term or geographic name entry element Violence
Form subdivision Religious aspects
General subdivision Christianity
9 (RLIN) 16582
942 ## - ADDED ENTRY ELEMENTS (KOHA)
Source of classification or shelving scheme Dewey Decimal Classification
Koha item type Books
Koha issues (borrowed), all copies 2
Holdings
Withdrawn status Lost status Source of classification or shelving scheme Damaged status Not for loan Home library Current Library Shelving location Date acquired Total checkouts Full call number Barcode Date last seen Date last checked out Copy number Price effective from Koha item type
    Dewey Decimal Classification     GRACE BIBLE COLLEGE GRACE BIBLE COLLEGE North East Collection 2023-02-24 3 261.8 NOM 015893 2025-05-01 2025-02-19 c.1 2023-02-24 Books
    Dewey Decimal Classification     GRACE BIBLE COLLEGE GRACE BIBLE COLLEGE North East Collection 2023-02-24 1 261.8 NOM 015894 2025-05-01 2024-02-12 c.2 2023-02-24 Books
© Grace Bible College Library 2025